| Tag |
First Indicator |
Second Indicator |
Subfields |
| LEADER |
00000pam a2200000 i 4500 |
| 001 |
in00000082542 |
| 005 |
20151008053042.0 |
| 008 |
790221s1979 enk b 00110 eng |
| 010 |
|
|
|a 78041201
|
| 015 |
|
|
|a GB79
|
| 020 |
|
|
|a 0192159496 :
|c 7.50
|
| 035 |
|
|
|a (OCoLC)04835002
|
| 035 |
|
|
|9 AAH6013AM
|
| 040 |
|
|
|a DLC
|c DLC
|d TXA
|d UtOrBLW
|
| 043 |
|
|
|a e-uk---
|
| 049 |
|
|
|a TXAM
|c [1405597]
|
| 050 |
0 |
0 |
|a KD7285.A75
|b D48
|
| 082 |
0 |
|
|a 347/.42/014
|
| 100 |
1 |
|
|a Devlin, Patrick,
|c Baron,
|d 1905-1992.
|
| 245 |
1 |
4 |
|a The judge /
|c Patrick Devlin.
|
| 264 |
|
1 |
|a Oxford ;
|a New York :
|b Oxford University Press,
|c 1979.
|
| 300 |
|
|
|a xi, 207 pages ;
|c 23 cm.
|
| 336 |
|
|
|a text
|b txt
|2 rdacontent
|
| 337 |
|
|
|a unmediated
|b n
|2 rdamedia
|
| 338 |
|
|
|a volume
|b nc
|2 rdacarrier
|
| 504 |
|
|
|a Includes bibliographical references and index.
|
| 650 |
|
0 |
|a Judges
|z Great Britain.
|
| 650 |
|
0 |
|a Justice, Administration of
|z Great Britain.
|
| 999 |
|
|
|a MARS
|
| 999 |
f |
f |
|s e776191b-829d-32ea-ae0f-d2de72292d05
|i ecc02170-e002-311d-8c29-e556a39037e4
|t 0
|
| 952 |
f |
f |
|p ric
|a Texas A&M University
|b Rellis Campus
|c Joint Library Facility
|d Remote Storage
|t 0
|e KD7285.A75 D48
|h Library of Congress classification
|i unmediated -- volume
|m A14803153590
|
| 998 |
f |
f |
|a KD7285.A75 D48
|t 0
|l Remote Storage
|